| 000 | 00390pab a2200145 454500 | ||
|---|---|---|---|
| 008 | 180718b2003 xxu||||| |||| 00| 0 eng d | ||
| 100 | _aAhmad, Shoeb | ||
| 245 | _aTransformation of human resources in building up employment competence | ||
| 260 | _c2003 | ||
| 300 | _ap.351-56. | ||
| 362 | _aNov | ||
| 650 | _aHuman resources | ||
| 773 | _aManagement and Labour Studies | ||
| 909 | _a60278 | ||
| 999 |
_c60278 _d60278 |
||